Energie : un enseignement pluridisciplinaire : recherches

Αποθηκεύτηκε σε:
Λεπτομέρειες βιβλιογραφικής εγγραφής
Μορφή: Βιβλίο
Γλώσσα:French
Δημοσίευση: Paris : Institut National de Recherche Pedagogique, 1985
Σειρά:Rencontres pedagogiques 1985 ; ; 4
Θέματα:
Ετικέτες: Προσθήκη ετικέτας
Δεν υπάρχουν, Καταχωρήστε ετικέτα πρώτοι!

MARC

LEADER 00000nam a2200000 i 4500
001 1/11868
008 000918s1985 fre d
020 |a 2-7342-0098-8 
035 |l 10063992 
040 |a GR-MY-UA  |b gre  |e aacr 
041 0 |a fre 
082 0 |a 372.357 
245 1 0 |a Energie :  |b un enseignement pluridisciplinaire : recherches/pratiques : secondaire: 1er et 2e cycles 
260 |a Paris :   |b Institut National de Recherche Pedagogique,   |c 1985 
300 |a 127 p.;  |c 25 cm 
490 1 |a Recontres pedagogiques 1985  |v ; 4 
650 0 0 |a Science  |x Study and teaching (Elementary) 
830 0 |a Rencontres pedagogiques 1985 ;  |v ; 4 
852 |a INST  |b RHODES  |e 20000918  |h 372.357 ENE  |p 005400008684  |q 005400008684  |t BK  |y 0 
909 |a Ρ  |b 023351 
922 |a 4ΕΛΗ  |b 199205 
970 |z 2000/09/ΧΡΥΣΑΝΘΗ